000 00653nam a2200229 i 4500
001 12906
003 ES-MaACL
005 20230906150432.0
007 t|
008 971008s1996 sp ||||1| spa d
020 _a84-204-8194-7
080 _a820 Keats, John 1.06
100 1 _aCortázar, Julio.
_940823
245 1 0 _aImagen de John Keats /
_cJulio Cortázar.
260 _aMadrid :
_bAlfaguara,
_c[1996]
300 _a595, [1] p., [16] p. de lám. ;
_c24 cm.
490 1 _aBiblioteca Cortázar
600 1 4 _aKeats, John.
_967699
830 0 _aBiblioteca Cortázar
_9180407
852 _aES-MaACL
_jL-20222
_bR.125040
999 _c12906
_d12906